00615nam a2200181Ia 4500008004100000082002000041100002800061245004000089260003600129300001700165365002600182366000800208505002000216530000900236620010800245630004000353730004000393100315s9999 xx 000 0 und d b626 a6588.3  a"Venkateswaran, R. J. " aHow To Succeed in Self - Employment aMumbai bVora & co.  c1973  a"VI,92p.  " eRupees d1 b6.50  f0  gTushar Jadhav  b-   a"Why Self Employment, Scope in Small & Village Industries, Prospects in other fields, Indian Economy " aHow To Succeed in Self - Employment aHow To Succeed in Self - Employment